[Event "Wolrd Chess Olympiad 2018"]
[Site "Batumi"]
[Date "2018.09.24"]
[Round "1"]
[Board "1"]
[WhiteFideId "5201322"]
[White "Paciencia Enrique"]
[BlackFideId "14306352"]
[Black "Lima Osvaldo Dos Santos"]
[Result "1-0"]
[LiveChessVersion "1.4.8"]
[BlackElo "1803"]
[WhiteElo "2335"]

1. d4 {[%clk 1:30:46]} Nf6 {[%clk 1:30:20]} 2. c4 {[%clk 1:31:04]} g6
{[%clk 1:30:07]} 3. Nf3 {[%clk 1:29:31]} d6 {[%clk 1:30:07]} 4. Nc3
{[%clk 1:29:39]} Bg7 {[%clk 1:30:22]} 5. e4 {[%clk 1:29:42]} Nc6 {[%clk 1:29:40]}
6. Be2 {[%clk 1:29:59]} O-O {[%clk 1:29:01]} 7. O-O {[%clk 1:27:50]} h6
{[%clk 1:15:05]} 8. h3 {[%clk 1:26:22]} a6 {[%clk 1:14:35]} 9. Be3
{[%clk 1:26:21]} e6 {[%clk 1:12:36]} 10. Rc1 {[%clk 1:23:31]} Nh7
{[%clk 1:11:50]} 11. Qd2 {[%clk 1:23:04]} g5 {[%clk 1:12:04]} 12. d5
{[%clk 1:16:09]} Ne7 {[%clk 1:09:16]} 13. c5 {[%clk 1:13:51]} exd5
{[%clk 1:00:57]} 14. cxd6 {[%clk 1:13:06]} cxd6 {[%clk 1:01:07]} 15. Nxd5
{[%clk 1:13:05]} Nxd5 {[%clk 1:00:45]} 16. exd5 {[%clk 1:11:34]} Bf5
{[%clk 0:57:29]} 17. Nd4 {[%clk 1:05:56]} Bg6 {[%clk 0:55:05]} 18. Bd3
{[%clk 1:03:40]} Bxd3 {[%clk 0:49:15]} 19. Qxd3 {[%clk 1:04:05]} Qd7
{[%clk 0:43:11]} 20. Nf5 {[%clk 0:59:17]} Rac8 {[%clk 0:39:42]} 21. Bd4
{[%clk 0:58:11]} f6 {[%clk 0:30:38]} 22. Rxc8 {[%clk 0:56:06]} Rxc8
{[%clk 0:30:18]} 23. Re1 {[%clk 0:55:52]} Bf8 {[%clk 0:27:36]} 24. Re6
{[%clk 0:54:40]} Re8 {[%clk 0:22:50]} 25. Nxh6+ {[%clk 0:54:11]} Kg7
{[%clk 0:16:26]} 26. Nf5+ {[%clk 0:51:52]} Kh8 {[%clk 0:12:27]} 27. Qe2
{[%clk 0:50:24]} Rxe6 {[%clk 0:12:19]} 28. dxe6 {[%clk 0:50:48]} Qc6
{[%clk 0:11:24]} 29. Bc3 {[%clk 0:49:44]} Qe8 {[%clk 0:10:11]} 30. e7
{[%clk 0:49:33]} Bxe7 {[%clk 0:10:05]} 31. Nxe7 {[%clk 0:48:46]} Qa4
{[%clk 0:08:50]} 32. Qe6 {[%clk 0:48:34]} 1-0

[Event "Wolrd Chess Olympiad 2018"]
[Site "Batumi"]
[Date "2018.09.24"]
[Round "1"]
[Board "4"]
[WhiteFideId "16900057"]
[White "Rita Jose"]
[BlackFideId "5804809"]
[Black "Lee Jun Wei"]
[Result "0-1"]
[LiveChessVersion "1.4.8"]
[BlackElo "2134"]
[WhiteElo "1695"]

1. c4 {[%clk 1:30:50]} c6 {[%clk 1:30:36]} 2. d4 {[%clk 1:30:17]} d5
{[%clk 1:30:51]} 3. cxd5 {[%clk 1:30:20]} cxd5 {[%clk 1:31:00]} 4. Nc3
{[%clk 1:30:28]} Nc6 {[%clk 1:30:08]} 5. Nf3 {[%clk 1:30:14]} Nf6
{[%clk 1:29:21]} 6. g3 {[%clk 1:29:09]} Bf5 {[%clk 1:27:06]} 7. a3
{[%clk 1:28:50]} e6 {[%clk 1:24:18]} 8. Bg2 {[%clk 1:28:21]} Bd6 {[%clk 1:23:14]}
9. Nh4 {[%clk 1:26:36]} Bg4 {[%clk 1:21:30]} 10. O-O {[%clk 1:22:32]} O-O
{[%clk 1:19:23]} 11. Nf3 {[%clk 1:20:53]} Rc8 {[%clk 1:16:40]} 12. Na4
{[%clk 1:15:15]} b5 {[%clk 1:09:57]} 13. Nc5 {[%clk 1:11:15]} Qe7
{[%clk 0:59:31]} 14. b4 {[%clk 1:09:53]} a5 {[%clk 0:56:54]} 15. Rb1
{[%clk 1:09:34]} Rfd8 {[%clk 0:50:08]} 16. h3 {[%clk 1:09:16]} Bf5
{[%clk 0:49:01]} 17. Rb2 {[%clk 1:09:13]} Ne4 {[%clk 0:45:29]} 18. Nh4
{[%clk 1:07:49]} Bxc5 19. bxc5 {[%clk 1:06:52]} Qf6 {[%clk 0:37:39]} 20. Nxf5
{[%clk 1:05:55]} Qxf5 {[%clk 0:37:41]} 21. e3 {[%clk 1:03:43]} e5
{[%clk 0:34:55]} 22. Qd3 {[%clk 1:03:16]} b4 {[%clk 0:30:06]} 23. axb4
{[%clk 0:59:57]} axb4 {[%clk 0:29:33]} 24. Bd2 exd4 25. exd4 {[%clk 0:52:30]} Qf6
{[%clk 0:29:47]} 26. Bxb4 {[%clk 0:44:20]} Nxd4 {[%clk 0:29:34]} 27. Bxe4
{[%clk 0:40:04]} dxe4 {[%clk 0:29:51]} 28. Qc3 {[%clk 0:39:14]} Qe6
{[%clk 0:27:45]} 29. Kg2 {[%clk 0:38:06]} Nf3 {[%clk 0:27:26]} 30. Rc2
{[%clk 0:34:02]} Rd3 {[%clk 0:27:03]} 31. Qc4 {[%clk 0:33:45]} Qf5
{[%clk 0:27:02]} 32. h4 {[%clk 0:28:20]} Nxh4+ {[%clk 0:26:41]} 33. Kh2
{[%clk 0:28:23]} Nf3+ {[%clk 0:26:24]} 34. Kg2 {[%clk 0:28:51]} Ng5
{[%clk 0:26:07]} 35. Rh1 {[%clk 0:27:04]} Rd1 {[%clk 0:25:47]} 36. Rc3
{[%clk 0:25:37]} Rxh1 {[%clk 0:25:26]} 37. Kxh1 {[%clk 0:26:05]} Qh3+
{[%clk 0:25:55]} 38. Kg1 {[%clk 0:26:30]} Nf3+ {[%clk 0:26:13]} 39. Rxf3
{[%clk 0:26:42]} exf3 {[%clk 0:26:42]} 40. Qf1 {[%clk 0:27:12]} Qxf1+
{[%clk 0:26:16]} 41. Kxf1 {[%clk 0:57:38]} Rb8 {[%clk 0:56:44]} 42. Bd2
{[%clk 0:57:52]} Rb1+ {[%clk 0:57:09]} 43. Be1 {[%clk 0:58:21]} Rc1
{[%clk 0:57:32]} 0-1

[Event "Wolrd Chess Olympiad 2018"]
[Site "Batumi"]
[Date "2018.09.24"]
[Round "1"]
[Board "1"]
[WhiteFideId "15800059"]
[White "Banlock Benjamin Didier"]
[BlackFideId "6351921"]
[Black "Saraci Nderim"]
[Result "0-1"]
[LiveChessVersion "1.4.8"]
[BlackElo "2408"]
[WhiteElo "2058"]

1. d4 {[%clk 1:30:24]} Nf6 {[%clk 1:31:00]} 2. Nf3 {[%clk 1:30:41]} g6
{[%clk 1:30:48]} 3. Nc3 {[%clk 1:28:32]} Bg7 {[%clk 1:27:58]} 4. e4
{[%clk 1:28:15]} d6 {[%clk 1:28:17]} 5. Bf4 {[%clk 1:24:53]} O-O {[%clk 1:24:49]}
6. Qd2 {[%clk 1:23:44]} Bg4 {[%clk 1:17:10]} 7. Be2 {[%clk 1:20:59]} Nc6
{[%clk 1:15:47]} 8. d5 {[%clk 1:16:25]} Nb8 {[%clk 1:15:50]} 9. O-O
{[%clk 1:14:51]} c6 {[%clk 1:15:01]} 10. h3 {[%clk 1:13:07]} Bxf3
{[%clk 1:14:17]} 11. Bxf3 {[%clk 1:13:27]} Nbd7 {[%clk 1:14:26]} 12. Rfe1
{[%clk 1:03:28]} Rc8 {[%clk 1:11:21]} 13. Qe3 {[%clk 0:58:43]} Nb6
{[%clk 1:09:39]} 14. dxc6 {[%clk 0:53:27]} bxc6 {[%clk 0:55:30]} 15. b3
{[%clk 0:48:16]} Nfd7 {[%clk 0:53:19]} 16. Rad1 {[%clk 0:45:45]} Qc7
{[%clk 0:50:28]} 17. Re2 {[%clk 0:43:40]} Ne5 {[%clk 0:49:00]} 18. Bg4
{[%clk 0:38:39]} Rcd8 {[%clk 0:46:04]} 19. Bh6 {[%clk 0:37:56]} Bxh6
{[%clk 0:30:43]} 20. Qxh6 {[%clk 0:38:13]} e6 {[%clk 0:30:01]} 21. Red2
{[%clk 0:33:04]} Qe7 {[%clk 0:19:25]} 22. Be2 {[%clk 0:32:12]} d5
{[%clk 0:17:33]} 23. Qe3 {[%clk 0:32:13]} Rfe8 {[%clk 0:15:13]} 24. f4
{[%clk 0:31:00]} Ned7 {[%clk 0:15:34]} 25. Bf3 {[%clk 0:30:04]} Nf6
{[%clk 0:13:39]} 26. e5 {[%clk 0:29:44]} Nfd7 {[%clk 0:14:01]} 27. a4
{[%clk 0:30:13]} a5 {[%clk 0:11:17]} 28. Kh2 {[%clk 0:30:28]} f6 {[%clk 0:10:18]}
29. Ne2 {[%clk 0:27:48]} fxe5 {[%clk 0:10:27]} 30. fxe5 {[%clk 0:28:01]} Qg7
{[%clk 0:08:20]} 31. Nd4 {[%clk 0:27:28]} c5 {[%clk 0:08:14]} 32. Nc6
{[%clk 0:25:04]} Rc8 {[%clk 0:03:16]} 33. Nxa5 {[%clk 0:24:36]} Nxe5
{[%clk 0:03:28]} 34. Be2 {[%clk 0:24:27]} Qc7 {[%clk 0:03:43]} 35. Kh1
{[%clk 0:24:20]} Nbd7 {[%clk 0:04:00]} 36. b4 {[%clk 0:24:18]} cxb4
{[%clk 0:03:21]} 37. Nb3 {[%clk 0:23:46]} Nb6 {[%clk 0:03:22]} 38. Qg3
{[%clk 0:21:13]} Nec4 {[%clk 0:02:32]} 39. Qxc7 {[%clk 0:20:49]} Rxc7
{[%clk 0:03:00]} 40. a5 {[%clk 0:50:54]} Nxd2 {[%clk 0:30:50]} 41. Rxd2
{[%clk 0:45:39]} Nc4 {[%clk 0:31:03]} 42. Rd4 {[%clk 0:45:19]} Ra8
{[%clk 0:31:00]} 43. Bd3 {[%clk 0:33:03]} Kf7 {[%clk 0:30:14]} 44. Rh4
{[%clk 0:31:38]} Kf6 {[%clk 0:30:31]} 45. Kh2 {[%clk 0:31:34]} Nxa5
{[%clk 0:29:56]} 46. Nxa5 {[%clk 0:28:52]} Rxa5 {[%clk 0:30:19]} 47. Rxb4
{[%clk 0:29:19]} Rac5 {[%clk 0:30:35]} 48. Rf4+ {[%clk 0:29:20]} Ke7
{[%clk 0:30:40]} 49. h4 {[%clk 0:29:15]} e5 {[%clk 0:30:58]} 0-1

[Event "Wolrd Chess Olympiad 2018"]
[Site "Batumi"]
[Date "2018.09.24"]
[Round "1"]
[Board "2"]
[WhiteFideId "937576"]
[White "Ondozi Murtez"]
[BlackFideId "16400291"]
[Black "Ebosse Kingue Victor Patrick"]
[Result "1-0"]
[LiveChessVersion "1.4.8"]
[BlackElo "2060"]
[WhiteElo "2402"]

1. d4 {[%clk 1:30:53]} Nf6 {[%clk 1:30:14]} 2. Nf3 {[%clk 1:31:12]} d6
{[%clk 1:29:07]} 3. c4 {[%clk 1:31:27]} g6 {[%clk 1:28:50]} 4. g3
{[%clk 1:31:03]} Bg7 {[%clk 1:28:46]} 5. Bg2 {[%clk 1:31:27]} O-O
{[%clk 1:27:51]} 6. O-O {[%clk 1:31:51]} Nc6 {[%clk 1:27:37]} 7. Nc3
{[%clk 1:32:03]} a6 {[%clk 1:22:01]} 8. e4 {[%clk 1:31:43]} e5 {[%clk 1:18:02]}
9. dxe5 {[%clk 1:31:28]} dxe5 {[%clk 1:18:04]} 10. Bg5 {[%clk 1:31:49]} Qxd1
{[%clk 1:14:43]} 11. Rfxd1 {[%clk 1:32:10]} Bg4 {[%clk 1:09:20]} 12. Rd2
{[%clk 1:30:50]} Bxf3 {[%clk 1:02:52]} 13. Bxf3 {[%clk 1:27:56]} Nd4
{[%clk 1:03:12]} 14. Bg2 {[%clk 1:28:18]} Ne6 {[%clk 1:01:28]} 15. h4
{[%clk 1:21:46]} h6 {[%clk 0:56:23]} 16. Bxf6 {[%clk 1:21:26]} Bxf6
{[%clk 0:56:41]} 17. Rad1 {[%clk 1:21:51]} c6 {[%clk 0:52:01]} 18. Na4
{[%clk 1:19:16]} Nd4 {[%clk 0:46:41]} 19. Nc5 {[%clk 1:19:11]} Be7
{[%clk 0:15:57]} 20. Nd7 {[%clk 1:18:44]} f6 {[%clk 0:08:35]} 21. Nxf8
{[%clk 1:19:05]} Rxf8 {[%clk 0:07:51]} 22. Kh1 {[%clk 1:16:57]} Rd8
{[%clk 0:05:44]} 23. f4 {[%clk 1:16:25]} Kg7 {[%clk 0:05:59]} 24. Bh3
{[%clk 1:16:17]} g5 {[%clk 0:05:46]} 25. hxg5 {[%clk 1:15:19]} hxg5
{[%clk 0:06:12]} 26. fxe5 {[%clk 1:15:29]} fxe5 {[%clk 0:05:08]} 27. Rf1
{[%clk 1:15:36]} b6 {[%clk 0:05:09]} 28. Rdf2 {[%clk 1:15:58]} Rf8
{[%clk 0:05:13]} 29. Rxf8 {[%clk 1:16:27]} Bxf8 {[%clk 0:05:41]} 30. Kg2
{[%clk 1:16:40]} a5 {[%clk 0:04:29]} 31. Bf5 {[%clk 1:16:43]} Bb4
{[%clk 0:03:13]} 32. Rh1 {[%clk 1:16:32]} Bd2 {[%clk 0:02:22]} 33. b3
{[%clk 1:16:27]} Kf6 {[%clk 0:01:28]} 34. Rh6+ {[%clk 1:16:37]} Ke7
{[%clk 0:01:56]} 35. Rg6 {[%clk 1:16:40]} b5 {[%clk 0:00:49]} 36. cxb5
{[%clk 1:16:48]} cxb5 {[%clk 0:01:17]} 37. Ra6 {[%clk 1:17:02]} Ne2
{[%clk 0:00:39]} 38. Re6+ {[%clk 1:16:21]} Kf7 {[%clk 0:00:43]} 39. Rxe5
{[%clk 1:16:30]} Nc3 {[%clk 0:00:00]} 1-0

[Event "Wolrd Chess Olympiad 2018"]
[Site "Batumi"]
[Date "2018.09.24"]
[Round "1"]
[Board "1"]
[WhiteFideId "1700146"]
[White "Wiedenkeller Michael"]
[BlackFideId "20700245"]
[Black "Hlophe Smilo"]
[Result "1-0"]
[LiveChessVersion "1.4.8"]
[BlackElo "1608"]
[WhiteElo "2464"]

1. d4 {[%clk 1:30:09]} d5 {[%clk 1:30:52]} 2. c4 {[%clk 1:30:22]} e6
{[%clk 1:30:22]} 3. Nc3 {[%clk 1:30:38]} Nf6 {[%clk 1:30:51]} 4. Bg5
{[%clk 1:30:35]} Be7 {[%clk 1:31:06]} 5. Nf3 {[%clk 1:30:17]} Nbd7
{[%clk 1:27:43]} 6. e3 {[%clk 1:30:03]} h6 {[%clk 1:28:09]} 7. Bh4
{[%clk 1:30:01]} c6 {[%clk 1:28:23]} 8. Bd3 {[%clk 1:29:00]} O-O {[%clk 1:28:47]}
9. O-O {[%clk 1:29:03]} Re8 {[%clk 1:21:24]} 10. h3 {[%clk 1:25:06]} dxc4
{[%clk 1:17:36]} 11. Bxc4 {[%clk 1:25:18]} b5 {[%clk 1:18:05]} 12. Bd3
{[%clk 1:23:28]} Bb7 {[%clk 1:12:48]} 13. Rc1 {[%clk 1:19:01]} a6
{[%clk 1:07:38]} 14. Bxf6 {[%clk 1:09:31]} Bxf6 {[%clk 1:04:42]} 15. Ne4
{[%clk 1:08:40]} e5 {[%clk 1:01:42]} 16. Nd6 {[%clk 1:07:47]} e4 {[%clk 0:56:58]}
17. Bxe4 {[%clk 1:05:16]} Re6 {[%clk 0:56:19]} 18. Nxb7 {[%clk 1:05:16]} Qb6
{[%clk 0:53:41]} 19. Nc5 {[%clk 1:04:13]} Nxc5 {[%clk 0:53:55]} 20. dxc5
{[%clk 1:04:31]} Qa5 {[%clk 0:53:53]} 21. Bf5 {[%clk 1:04:25]} Rd8
{[%clk 0:53:18]} 22. Qb3 {[%clk 1:03:12]} Ree8 {[%clk 0:53:28]} 23. Rfd1
{[%clk 1:03:05]} Qc7 {[%clk 0:40:00]} 24. Rxd8 {[%clk 1:02:01]} Rxd8
{[%clk 0:31:03]} 25. Rd1 {[%clk 1:01:58]} Rxd1+ {[%clk 0:27:00]} 26. Qxd1
{[%clk 1:02:19]} Bxb2 {[%clk 0:26:44]} 27. Qd7 {[%clk 1:01:14]} Qxd7
{[%clk 0:17:51]} 28. Bxd7 {[%clk 1:01:34]} Ba3 {[%clk 0:18:16]} 29. Ne5
{[%clk 1:01:46]} Bxc5 {[%clk 0:17:54]} 30. Nxc6 {[%clk 1:02:08]} b4
{[%clk 0:17:52]} 31. Bc8 {[%clk 1:02:24]} g6 {[%clk 0:11:52]} 32. Bxa6
{[%clk 1:02:43]} Kg7 {[%clk 0:12:20]} 33. Kf1 {[%clk 1:02:16]} f5
{[%clk 0:11:18]} 34. Ke2 {[%clk 1:02:23]} Kf6 {[%clk 0:11:47]} 35. Kd3
{[%clk 1:02:34]} f4 {[%clk 0:11:52]} 36. Kc4 {[%clk 1:02:11]} Bb6
{[%clk 0:08:55]} 37. Nxb4 {[%clk 1:02:32]} fxe3 {[%clk 0:08:40]} 38. Nd5+
{[%clk 1:02:54]} Ke5 {[%clk 0:09:01]} 39. Nxe3 {[%clk 1:02:58]} Bxe3
{[%clk 0:09:18]} 40. fxe3 {[%clk 1:33:21]} Ke4 {[%clk 0:39:44]} 41. Bb7+
{[%clk 1:33:30]} Kxe3 {[%clk 0:40:01]} 42. a4 {[%clk 1:33:54]} h5
{[%clk 0:30:56]} 43. a5 {[%clk 1:34:13]} g5 {[%clk 0:31:21]} 44. a6
{[%clk 1:34:38]} g4 {[%clk 0:31:48]} 45. hxg4 {[%clk 1:34:59]} hxg4
{[%clk 0:32:17]} 46. a7 1-0

[Event "Wolrd Chess Olympiad 2018"]
[Site "Batumi"]
[Date "2018.09.24"]
[Round "1"]
[Board "2"]
[WhiteFideId "20700113"]
[White "Mbongeni Mabuza"]
[BlackFideId "4000102"]
[Black "Berend Fred"]
[Result "0-1"]
[LiveChessVersion "1.4.8"]
[BlackElo "2358"]
[WhiteElo "1560"]

1. e4 {[%clk 1:30:09]} c5 {[%clk 1:30:22]} 2. Nf3 {[%clk 1:29:44]} Nc6
{[%clk 1:30:36]} 3. d4 {[%clk 1:29:41]} cxd4 {[%clk 1:31:00]} 4. Nxd4
{[%clk 1:29:14]} g6 {[%clk 1:30:36]} 5. Be2 {[%clk 1:21:33]} Bg7 {[%clk 1:31:00]}
6. c3 {[%clk 1:21:41]} Nf6 {[%clk 1:30:14]} 7. f3 {[%clk 1:19:42]} O-O
{[%clk 1:28:47]} 8. O-O {[%clk 1:19:08]} Qb6 {[%clk 1:27:08]} 9. Kh1
{[%clk 1:14:27]} d5 {[%clk 1:24:16]} 10. exd5 {[%clk 1:10:13]} Nxd5
{[%clk 1:23:19]} 11. Nxc6 {[%clk 1:03:59]} bxc6 {[%clk 1:20:35]} 12. Qb3
{[%clk 1:03:37]} Qc7 {[%clk 1:15:14]} 13. Qa4 {[%clk 1:01:22]} Rb8
{[%clk 1:13:11]} 14. Na3 {[%clk 0:58:57]} Bf5 {[%clk 1:12:09]} 15. Qc4
{[%clk 0:56:56]} Rfd8 {[%clk 1:04:24]} 16. Rd1 {[%clk 0:51:29]} h6
{[%clk 0:55:06]} 17. g4 {[%clk 0:34:39]} Be6 {[%clk 0:55:18]} 18. Qc5
{[%clk 0:33:23]} Rd7 {[%clk 0:46:40]} 19. Nc2 {[%clk 0:29:28]} Nf6
{[%clk 0:44:12]} 20. Nd4 {[%clk 0:25:20]} Bd5 {[%clk 0:44:09]} 21. Kg1
{[%clk 0:19:21]} Bf8 {[%clk 0:40:28]} 22. Nc2 {[%clk 0:16:32]} e5
{[%clk 0:39:56]} 23. Qf2 {[%clk 0:15:51]} Be6 {[%clk 0:33:23]} 24. b3
{[%clk 0:14:17]} Rxd1+ {[%clk 0:27:41]} 25. Bxd1 {[%clk 0:14:31]} Rd8
{[%clk 0:27:22]} 26. Be3 {[%clk 0:14:34]} h5 {[%clk 0:26:21]} 27. h3
{[%clk 0:14:39]} hxg4 {[%clk 0:21:25]} 28. hxg4 {[%clk 0:14:53]} Nd5
{[%clk 0:21:46]} 29. c4 {[%clk 0:11:20]} Nxe3 {[%clk 0:17:38]} 30. Qxe3
{[%clk 0:11:39]} e4 {[%clk 0:17:35]} 31. fxe4 {[%clk 0:09:34]} Qe5
{[%clk 0:17:24]} 32. Kg2 {[%clk 0:04:56]} Bc5 {[%clk 0:17:48]} 33. Qe2
{[%clk 0:04:03]} Qf4 {[%clk 0:18:01]} 34. Qf3 {[%clk 0:03:38]} Rd2+
{[%clk 0:18:25]} 35. Be2 {[%clk 0:02:15]} Qxg4+ {[%clk 0:17:55]} 36. Qxg4
{[%clk 0:01:05]} Bxg4 {[%clk 0:18:20]} 37. b4 {[%clk 0:01:03]} Bxe2
{[%clk 0:17:53]} 38. bxc5 {[%clk 0:00:52]} Rxc2 {[%clk 0:18:15]} 39. Kg3
{[%clk 0:00:40]} Bxc4 {[%clk 0:18:15]} 40. Kf4 {[%clk 0:31:00]} Bxa2
{[%clk 0:48:17]} 41. Ke5 {[%clk 0:31:24]} Rxc5+ {[%clk 0:46:25]} 42. Kd6
{[%clk 0:31:53]} Rc2 {[%clk 0:46:41]} 43. e5 {[%clk 0:32:13]} Kf8
{[%clk 0:46:53]} 44. Rh1 {[%clk 0:32:41]} Rd2+ {[%clk 0:47:18]} 45. Kc7
{[%clk 0:33:00]} Ke7 {[%clk 0:47:21]} 46. Rc1 {[%clk 0:22:50]} Bd5
{[%clk 0:47:30]} 47. Ra1 {[%clk 0:22:53]} Bg2 {[%clk 0:47:42]} 48. Kc8
{[%clk 0:21:40]} Rd8+ {[%clk 0:48:02]} 49. Kb7 {[%clk 0:21:36]} c5+
{[%clk 0:48:03]} 50. Ka6 {[%clk 0:22:02]} c4 {[%clk 0:48:04]} 51. Ra2
{[%clk 0:22:13]} Be4 {[%clk 0:48:18]} 52. Ra4 {[%clk 0:21:59]} Rc8
{[%clk 0:48:26]} 53. Ka5 {[%clk 0:21:27]} c3 {[%clk 0:48:49]} 54. Rxe4
{[%clk 0:21:53]} c2 {[%clk 0:49:15]} 0-1

[Event "Wolrd Chess Olympiad 2018"]
[Site "Batumi"]
[Date "2018.09.24"]
[Round "1"]
[Board "3"]
[WhiteFideId "4001206"]
[White "Linster Philippe"]
[BlackFideId "20700059"]
[Black "Mziyako Sobhi"]
[Result "1-0"]
[LiveChessVersion "1.4.8"]
[BlackElo "1405"]
[WhiteElo "2273"]

1. c4 {[%clk 1:30:58]} Nf6 {[%clk 1:28:24]} 2. g3 {[%clk 1:30:54]} e6
{[%clk 1:27:20]} 3. d4 {[%clk 1:30:46]} d5 {[%clk 1:27:06]} 4. Nf3
{[%clk 1:30:43]} Be7 {[%clk 1:26:27]} 5. Bg2 {[%clk 1:31:00]} O-O
{[%clk 1:26:26]} 6. O-O {[%clk 1:31:01]} a6 {[%clk 1:26:20]} 7. cxd5
{[%clk 1:28:49]} exd5 {[%clk 1:26:39]} 8. Nc3 {[%clk 1:29:04]} h6
{[%clk 1:26:27]} 9. Bf4 {[%clk 1:26:57]} Bd6 {[%clk 1:25:13]} 10. Be5
{[%clk 1:21:34]} Be6 {[%clk 1:23:22]} 11. Qb3 {[%clk 1:16:38]} Nc6
{[%clk 1:22:23]} 12. Rfd1 {[%clk 1:10:28]} Ng4 {[%clk 1:19:39]} 13. Bf4
{[%clk 1:03:49]} Bxf4 {[%clk 1:17:11]} 14. gxf4 {[%clk 1:04:16]} Rb8
{[%clk 1:17:21]} 15. Rac1 {[%clk 0:54:48]} Qd7 {[%clk 1:04:16]} 16. e3
{[%clk 0:36:10]} Na5 {[%clk 1:00:43]} 17. Qa4 {[%clk 0:32:15]} Nc6
{[%clk 0:55:32]} 18. h3 {[%clk 0:26:24]} Nf6 {[%clk 0:54:10]} 19. Ne5
{[%clk 0:26:29]} Nxe5 {[%clk 0:49:49]} 20. dxe5 {[%clk 0:26:52]} Qxa4
{[%clk 0:46:48]} 21. Nxa4 {[%clk 0:27:21]} Ne8 {[%clk 0:45:45]} 22. Bxd5
{[%clk 0:24:27]} Bxh3 {[%clk 0:43:46]} 23. Nc5 {[%clk 0:14:51]} Bc8
{[%clk 0:40:34]} 24. Bb3 {[%clk 0:12:29]} g6 {[%clk 0:34:18]} 25. Nd7
{[%clk 0:10:36]} Bxd7 {[%clk 0:34:37]} 26. Rxd7 {[%clk 0:11:04]} c6
{[%clk 0:26:34]} 27. Rcd1 {[%clk 0:11:19]} Ng7 {[%clk 0:24:55]} 28. Rc7
{[%clk 0:10:44]} Ne8 {[%clk 0:22:51]} 29. Re7 {[%clk 0:10:58]} Ng7
{[%clk 0:21:25]} 30. Rdd7 {[%clk 0:10:27]} Nh5 {[%clk 0:12:39]} 31. Bxf7+
{[%clk 0:10:17]} Rxf7 {[%clk 0:07:53]} 32. Rxf7 {[%clk 0:10:41]} b5
{[%clk 0:08:17]} 33. Kg2 {[%clk 0:08:25]} a5 {[%clk 0:04:25]} 34. Ra7
{[%clk 0:08:42]} a4 {[%clk 0:03:58]} 35. Rfc7 {[%clk 0:09:02]} 1-0

[Event "Wolrd Chess Olympiad 2018"]
[Site "Batumi"]
[Date "2018.09.24"]
[Round "1"]
[Board "4"]
[WhiteFideId "20700784"]
[White "Sihlongonyane Sikhanyiso"]
[BlackFideId "4000803"]
[Black "Jeitz Christian"]
[Result "0-1"]
[LiveChessVersion "1.4.8"]
[BlackElo "2220"]
[WhiteElo "1408"]

1. Nf3 {[%clk 1:30:56]} Nf6 {[%clk 1:30:52]} 2. c4 {[%clk 1:31:13]} g6
{[%clk 1:31:15]} 3. Nc3 {[%clk 1:31:28]} d5 {[%clk 1:31:24]} 4. d4
{[%clk 1:31:11]} Bg7 {[%clk 1:31:24]} 5. Bf4 {[%clk 1:29:54]} O-O
{[%clk 1:30:04]} 6. e3 {[%clk 1:29:28]} c6 {[%clk 1:27:57]} 7. cxd5
{[%clk 1:25:56]} Nxd5 {[%clk 1:28:19]} 8. Nxd5 {[%clk 1:26:14]} Qxd5
{[%clk 1:28:33]} 9. Be5 {[%clk 1:22:06]} Bf5 {[%clk 1:24:22]} 10. Bxg7
{[%clk 1:22:06]} Kxg7 {[%clk 1:24:50]} 11. Bd3 {[%clk 1:21:22]} Nd7
{[%clk 1:18:31]} 12. Qc2 {[%clk 1:17:37]} Bxd3 {[%clk 1:16:22]} 13. Qxd3
{[%clk 1:18:03]} e5 {[%clk 1:09:58]} 14. Qc3 {[%clk 1:10:00]} e4 {[%clk 1:08:24]}
15. Nd2 {[%clk 1:06:17]} f5 {[%clk 1:01:20]} 16. Qb3 {[%clk 1:04:25]} Nb6
{[%clk 0:39:43]} 17. Rc1 {[%clk 0:59:40]} f4 {[%clk 0:33:35]} 18. Qxd5
{[%clk 0:43:13]} Nxd5 {[%clk 0:33:55]} 19. Ke2 {[%clk 0:43:29]} Rae8
{[%clk 0:30:04]} 20. a3 {[%clk 0:39:48]} Re7 {[%clk 0:29:30]} 21. Nb3
{[%clk 0:33:20]} fxe3 {[%clk 0:26:47]} 22. fxe3 {[%clk 0:33:14]} Ref7
{[%clk 0:27:07]} 23. Rhf1 {[%clk 0:28:13]} Rxf1 {[%clk 0:27:25]} 24. Rxf1
{[%clk 0:28:35]} Rxf1 {[%clk 0:27:50]} 25. Kxf1 {[%clk 0:28:56]} Nxe3+
{[%clk 0:28:12]} 26. Kf2 {[%clk 0:29:20]} Nd1+ {[%clk 0:28:15]} 27. Ke2
{[%clk 0:28:19]} Nxb2 {[%clk 0:28:39]} 28. Na5 {[%clk 0:28:07]} Kf6
{[%clk 0:24:38]} 29. Nxb7 {[%clk 0:20:52]} Nc4 {[%clk 0:24:09]} 30. Nd8
{[%clk 0:17:07]} Na5 {[%clk 0:23:28]} 31. Ke3 {[%clk 0:13:30]} Ke7
{[%clk 0:23:49]} 32. Nxc6+ {[%clk 0:13:38]} Nxc6 {[%clk 0:24:15]} 33. Kxe4
{[%clk 0:14:01]} Kd6 {[%clk 0:24:32]} 34. g4 {[%clk 0:13:46]} h6 {[%clk 0:21:46]}
35. h4 {[%clk 0:13:32]} Ne7 {[%clk 0:21:44]} 36. h5 {[%clk 0:13:14]} gxh5
{[%clk 0:21:41]} 37. gxh5 {[%clk 0:13:34]} Ke6 {[%clk 0:21:42]} 38. a4
{[%clk 0:11:51]} a5 {[%clk 0:21:44]} 39. Kf4 {[%clk 0:09:44]} Kd5
{[%clk 0:21:53]} 40. Ke3 {[%clk 0:39:56]} Nf5+ {[%clk 0:52:05]} 41. Kf4
{[%clk 0:39:45]} Ng7 {[%clk 0:52:25]} 42. Ke3 {[%clk 0:38:02]} Nxh5
{[%clk 0:52:46]} 43. Kd3 {[%clk 0:38:25]} Ng7 {[%clk 0:53:01]} 44. Ke3
{[%clk 0:38:46]} h5 {[%clk 0:53:25]} 45. Kd3 {[%clk 0:38:03]} Nf5
{[%clk 0:53:45]} 0-1

[Event "Wolrd Chess Olympiad 2018"]
[Site "Batumi"]
[Date "2018.09.24"]
[Round "1"]
[Board "2"]
[WhiteFideId "6405525"]
[White "Abreu Jean Carlos Paul"]
[BlackFideId "8710651"]
[Black "Mohamed Ali Djama"]
[Result "1-0"]
[LiveChessVersion "1.4.8"]
[BlackElo "1662"]
[WhiteElo "2310"]

1. d4 {[%clk 1:30:52]} Nf6 {[%clk 1:28:25]} 2. c4 {[%clk 1:30:53]} e6
{[%clk 1:28:45]} 3. Nc3 {[%clk 1:31:14]} Bb4 {[%clk 1:29:12]} 4. e3
{[%clk 1:31:35]} d5 {[%clk 1:28:20]} 5. a3 {[%clk 1:31:57]} Bxc3+
{[%clk 1:27:50]} 6. bxc3 {[%clk 1:32:19]} c6 {[%clk 1:28:03]} 7. cxd5
{[%clk 1:31:30]} exd5 {[%clk 1:28:08]} 8. Bd3 {[%clk 1:31:19]} O-O
{[%clk 1:27:48]} 9. f3 {[%clk 1:30:47]} Nh5 {[%clk 1:23:29]} 10. Ne2
{[%clk 1:28:30]} Qh4+ {[%clk 1:22:47]} 11. g3 {[%clk 1:28:28]} Qf6
{[%clk 1:23:13]} 12. O-O {[%clk 1:28:20]} g6 {[%clk 1:22:43]} 13. e4
{[%clk 1:27:07]} Ng7 {[%clk 1:16:03]} 14. Be3 {[%clk 1:22:51]} Re8
{[%clk 1:08:54]} 15. Qd2 {[%clk 1:19:36]} Ne6 {[%clk 1:00:43]} 16. e5
{[%clk 1:15:09]} Qe7 {[%clk 0:57:13]} 17. f4 {[%clk 1:15:10]} Ng7
{[%clk 0:57:02]} 18. f5 {[%clk 1:14:09]} Bxf5 {[%clk 0:56:24]} 19. Bg5
{[%clk 1:13:44]} Qf8 {[%clk 0:49:44]} 20. Bxf5 {[%clk 1:07:40]} gxf5
{[%clk 0:35:16]} 21. Nf4 {[%clk 1:06:55]} Ne6 {[%clk 0:35:19]} 22. Nh5
{[%clk 1:06:45]} Nd7 {[%clk 0:17:14]} 23. Rxf5 {[%clk 1:04:00]} Kh8
{[%clk 0:10:21]} 24. Bf6+ {[%clk 1:02:17]} Nxf6 {[%clk 0:09:52]} 25. Nxf6
{[%clk 1:02:39]} Qg7 {[%clk 0:10:04]} 26. Rh5 {[%clk 0:56:14]} Nf8
{[%clk 0:09:47]} 27. Rf1 {[%clk 0:55:14]} Re6 {[%clk 0:08:56]} 28. Rff5
{[%clk 0:52:01]} Rxf6 {[%clk 0:07:21]} 29. exf6 {[%clk 0:49:56]} Qg8
{[%clk 0:06:48]} 30. Rhg5 {[%clk 0:47:49]} Ng6 {[%clk 0:07:16]} 31. h4
{[%clk 0:47:58]} Qe8 {[%clk 0:02:22]} 32. h5 {[%clk 0:47:51]} Nf8
{[%clk 0:02:52]} 33. Re5 {[%clk 0:44:15]} Ne6 {[%clk 0:00:40]} 34. Rg7
{[%clk 0:43:44]} Qf8 {[%clk 0:01:00]} 35. Rxe6 {[%clk 0:43:55]} 1-0